000 01145nam a2200229Ia 4500
003 OSt
005 20200909115711.0
008 191128s2007 ck adb gr 000 0 spa d
020 _a9789587018035
040 _aCO-JMCR
_cCO-JMCR
041 0 _aspa
082 0 4 _a363.585 /
_bP944c
_223
100 1 _aPérez Pérez, Elizabeth,
_eautora
_910022
245 1 0 _aCalidad habitacional del hogar arrendatario en Bogotá :
_bestratos socioeconómicos dos y tres /
_cElizabeth Pérez Pérez
260 _aBogotá :
_bUniversidad Nacional de Colombia. Facultad de Artes,
_c2007
300 _a181 páginas :
_bgráficos y mapas a blanco y negro ;
_c21 cm.
490 0 _aPunto aparte
505 0 _aMarco teórico y conceptual -- Metodología -- Principales condiciones habitacionales y características socioeconómicas de la población objeto de estudio -- La calidad habitacional de los hogares arrendatarios de los estratos dos y tres en Bogotá en término
650 1 4 _aVivienda rentada
_xsatisfación del habitante
_y1952-1971
_zBogotá (Colombia)
_910023
650 1 4 _aVivienda popular
_xaspectos socioeconómicos
_zBogotá
_910024
942 _2ddc
_cBK
999 _c4109
_d4109